000 00463nam a2200169Ia 4500
008 090711s9999 xx 000 0 und d
082 _b693
100 _aपै शिरीष
245 _aकोलाज
260 _bमहेता पब्लिकेशन हाऊस
_c1998
300 _a132
600 _aपै शिरीष
630 _aकोलाज
700 _aपै शिरीष
730 _aकोलाज
942 _cBOOK
999 _c333428
_d333428